000 01675nam a22003137a 4500
001 000000566
003 DO-SdBNP
005 20250506100337.0
007 ta
008 210916b 2015 dr 00| 0 eng d
020 _a9789945410211
040 _aDO-SdBNP
_bspa
_cBNPHU
082 4 _aBNPHU 972.93053
_bA451u, 2015
100 1 _aAlmoina, José,
_d1903-1960
_91865
245 1 0 _aUna satrapía en el Caribe /
_cJosé Almoina ; prólogo Orlando Inoa
260 _aSanto Domingo :
_bLetra Gráfica,
_c2015.
300 _a415 p. ;
_c18 cm.
490 _aVintage books
500 _aIncluye datos biográficos del autor en las solapas
504 _aIncluye referencias bibliográficas y notas al pie de las páginas
505 0 _tPresentación a la edición dominicana --
_tAclaración importante --
_tDedicatoria --
_tAdvertencia indispensable --
_tLa familia de Trujillo --
_tLa familia de Chapita --
_tLos que rodean al sátrapa: alcahuetes, bufones, lacayos y aduladores --
_tTretas de que se valió el megalomaníaco Trujillo para captar el poder --
_t¿Cómo se sostiene el sátrapa? --
_tLa ferocidad más que neroniana del mulato Chapita --
_tInexistencia de los poderes legislativo y judicial y trasiegos burocráticos --
_tUn régimen monopolista --
_tLa política internacional del tirano --
_tDocumentos y noticias corroborantes --
_tÍndice onomástico.
590 _aInventariado, 2021/BT
600 1 0 _aTrujillo Molina, Rafael Leónicas,
_d1891-1961
_987653
651 1 4 _aRepública Dominicana
_xPolítica y gobierno
_yEra de Trujillo, 1930-1961
_91374
700 1 _aInoa, Orlando
_epról.
_95784
830 0 _nVintage books
_979924
910 _aBtavárez
942 _2ddc
_cLBS1
999 _c50548
_d50548